Loading...
| History - American | 0 | 4 | 1 | 1 | 35 | 72 | 94.75 | 1 | 3 | 9.30 | 25.00 |
| Social Science | 0 | 4 | 1 | 0 | 35 | 89 | 94.25 | 1 | 1 | 7.07 | 17.50 |
| Religion | 0 | 4 | 1 | 1 | 35 | 50 | 88.75 | 1 | 3 | 11.37 | 23.75 |
| History - World | 0 | 4 | 1 | 1 | 35 | 62 | 84.50 | 0 | 3 | 11.11 | 21.25 |
| Fine Arts - Classical Music | 0 | 3 | 0 | 2 | 30 | 93 | 116.67 | 0 | 0 | 2.44 | 9.72 |
| History - European | 0 | 3 | 0 | 0 | 30 | 81 | 86.67 | 0 | 1 | 8.57 | 16.25 |
| Science - Biology | 0 | 3 | 0 | 1 | 30 | 97 | 104.33 | 0 | 0 | 3.81 | 5.00 |
| Fine Arts - Other | 0 | 4 | 3 | 1 | 25 | 69 | 106.00 | 1 | 1 | 7.70 | 22.50 |
| Pop Culture | 0 | 2 | 0 | 0 | 20 | 41 | 84.00 | 1 | 1 | 39.87 | 75.00 |
| Science - Chemistry | 0 | 2 | 0 | 0 | 20 | 101 | 111.50 | 0 | 0 | 1.14 | 8.19 |
| Geography/Current Events | 0 | 2 | 1 | 1 | 15 | 72 | 99.00 | 0 | 1 | 7.01 | 10.42 |
| Science - Other | 0 | 2 | 1 | 0 | 15 | 68 | 84.00 | 0 | 2 | 4.95 | 12.64 |
| Mythology | 0 | 1 | 0 | 0 | 10 | 126 | 126.00 | 0 | 0 | 0.87 | 1.25 |
| Literature - World/Other | 0 | 1 | 0 | 0 | 10 | 51 | 51.00 | 1 | 1 | 6.60 | 10.00 |
| History - Other | 0 | 1 | 0 | 0 | 10 | 42 | 42.00 | 1 | 1 | 6.53 | 8.75 |
| Science - Physics | 0 | 1 | 0 | 0 | 10 | 103 | 103.00 | 0 | 0 | 0.28 | 3.75 |
| Literature - European | 0 | 1 | 0 | 0 | 10 | 87 | 87.00 | 0 | 0 | 3.15 | 5.00 |
| Literature - American | 0 | 1 | 0 | 0 | 10 | 101 | 101.00 | 0 | 0 | 2.57 | 5.00 |
| Fine Arts - Visual | 0 | 1 | 1 | 1 | 5 | 122 | 122.00 | 0 | 0 | 0.08 | 2.22 |
| Philosophy | 0 | 1 | 1 | 0 | 5 | 89 | 89.00 | 1 | 1 | 2.64 | 7.50 |